00468nam a2200133 a 450000100100000000500170001000800410002704000250006808200150009310000220010824501040013026000710023430000290030500001723020200929165045.0100319s1987 dr 000 0 spa d aDO-SdBNPbspacBNPHU axxxbC112r1 aCaballos, Zenón10aRepública Dominicana :bla esterilización femenina en los últimos años /cZenón Caballos. aSanto Domingo :bConsejo Nacional de Población y Familia,c1987. a44 p. :bgraf. ;c29 cm.